01098 a2200193 45000010006000000050017000060080041000230030015000640400040000790800073001192450055001920200018002472500011002652640043002763000019003195050512003381000025008507000029008752465820260407155530.0260407a1982 arg spa dAR-UNSa-BCEJYS aAR-UNSa-BCEJYSbspacAR-UNSa-BCEJYS a657.3xPresupuestos. Cierre de Cuentas. Balances (Estados Contables)10aAnálisis e interpretación de estados contables a950-037-011-5 a5a. ed 1aBuenos Aires :bEdiciones Macchic1982 a338 p.c23 cm. a1. Objetivos y destinatarios - 2. Antecedentes y evolución - 3. Fuentes de información - 4. Ajuste integral de estados contables por inflación - 5. Metodología del análisis e interpretación de estados contables - 6. Rentabilidad - Definición y clasificación - 7. Rentabilidad - Estructura - 8. Capital de Trabajo - Definición y enfoques - 9. Capital de trabajo - Enfoque financiero - 10. Indices de liquidez - 11. Indice de endeudamiento - 12. Inmovilización - 13. Análisis de un caso.1 aTelias, Alejandro J.1 aSenderovich, Isaac Aizik